000 00968nas a2200289 4500
001 BR0904080
003 BR-BrBNA
005 20231205113234.0
007 ta
008 230509b bl.|||p| |||| 00| 00por d
040 _aBR-BrBNA
_bpor
_cBiblioteca Nacional de Agricultura
041 _a(Pt)
072 _aL73; L60
100 1 _aMarchior Filho, M.
100 1 _aGirio, R.J.S.
100 1 _aMathias, L.A.
100 1 _aBrasil, A.T.R.
245 1 _aEstudo sorológico para leptospirose em populações diferentes grupos genéticos de javalis (Sus scrofa scrofa, Linnaeus, 1758)dos estados de São Paulo e Paraná.
650 _aJAVALI
650 _aDOENÇA ANIMAL
650 _aLEPTOSPIROSE
650 _aSÃO PAULO
650 _aPARANÁ
773 0 _tRevista de Sanidade Animal, Vegetal e Proteção Ambiental (Brazil)
_xISSN 0020-3653
_g(Jul-Sep 2002), v. 69(3) p. 9-15
_wBR0904080
909 _a202311
_bLúcia
_c55
_dLúcia Elande
942 _2AGRIS
_n0
_cANA
999 _c202632
_d202632